| 000 | 00646nam a2200193Ia 4500 | ||
|---|---|---|---|
| 003 | GCL | ||
| 008 | 140319s9999 xx 000 0 ara d | ||
| 020 | _a3866215977 | ||
| 040 |
_aGCL / _cGCL |
||
| 082 | 0 | 4 |
_a924.1 _bم ك |
| 100 | 1 | _aمحمد محمود القاضى | |
| 245 | 1 | 0 |
_aكمال بشر : _bمسيرة وتاريخ / _cمحمد محمود القاضى |
| 260 |
_aالقاهرة : _bدار غريب للطباعة والنشر والتوزيع ، _c2006 |
||
| 300 |
_a168 ص ؛ _c18 سم |
||
| 650 | 0 | 4 | _aاللغويون - تراجم |
| 650 | 0 | 4 | _aاللغويون المصريون |
| 650 | 0 | 4 | _aكمال بشر |
| 942 |
_2ddc _cBK |
||
| 999 |
_c7890 _d7890 |
||